00423nam a2200121Ia 4500082001200000100006200012245005500074260000600129300001300135650003000148650004600178710007700224 aRI.002; aIndia. National Commission on Teachers (Higher Education) 0aTeachers in higher education : Professional values c0 a52, 29p. aEDUCATION, HIGHER - INDIA aCOLLEGE TEACHERS, PROFESSIONAL ETHICS FOR aNational Institute of Educational Planning and Administration, New Delhi